Channel Management And Retail Marketing (Record no. 85175)

MARC details
000 -LEADER
fixed length control field 00539nam a2200193Ia 4500
008 - FIXED-LENGTH DATA ELEMENTS--GENERAL INFORMATION
fixed length control field 230125s9999 xx 000 0 und d
041 ## - LANGUAGE CODE
Language code of text/sound track or separate title eng
082 ## - DEWEY DECIMAL CLASSIFICATION NUMBER
Classification number 658.87
Item number DHO
100 ## - MAIN ENTRY--PERSONAL NAME
Personal name Dhotre M
9 (RLIN) 108341
245 ## - TITLE STATEMENT
Title Channel Management And Retail Marketing
250 ## - EDITION STATEMENT
Edition statement 1st Ed.
260 ## - PUBLICATION, DISTRIBUTION, ETC. (IMPRINT)
Date of publication, distribution, etc. 2005
Name of publisher, distributor, etc. Himalaya Publishing House
Place of publication, distribution, etc. Mumbai
300 ## - PHYSICAL DESCRIPTION
Extent 203p
500 ## - GENERAL NOTE
Keywords Channel management;Marketing Channels;Retail Marketing
650 ## - SUBJECT ADDED ENTRY--TOPICAL TERM
Topical term or geographic name as entry element Marketing Management
700 ## - ADDED ENTRY--PERSONAL NAME
Personal name Dhotre M
9 (RLIN) 108341
906 ## - LOCAL DATA ELEMENT F, LDF (RLIN)
b 19
Holdings
Withdrawn status Lost status Damaged status Not for loan Home library Current library Date acquired Vendor Cost, normal purchase price Bill number Total Checkouts Full call number Barcode Date last seen Cost, replacement price Bill Date Koha item type Original Barcode
        Smt. Hiraben Nanavati Institute of Management & Research for Women Smt. Hiraben Nanavati Institute of Management & Research for Women 18/10/2006 Goels Computer Hut 125.00 1008   658.87 DHO B05588 HIMR-BK-5588 25/01/2023 106.00 18/10/2006 Books B05588